Largest French Cities NOT In Europe - Statistics

General Stats
  • This quiz has been taken 47 times
  • The average score is 4 of 10
Answer Stats
Population Overseas Department City % Correct
109,538 French Guiana Cayenne
90%
177,684 Réunion Saint-Denis
76%
125,036 Martinique Fort-de-France
71%
165,013 Réunion Saint-Pierre
43%
50,406 Guadeloupe Basse-Terre
40%
172,548 Réunion Saint-Paul
40%
256,888 Guadeloupe Pointe-à-Pitre / Les Abymes
31%
52,803 Réunion Saint-Louis
17%
55,900 Réunion Saint-André
7%
134,929 Martinique Le Robert
5%
No matching quizzes found
Score Distribution
Percent of People with Each Score
Percentile by Number Answered
Your Score History
You have not taken this quiz